LEADER 01549nam0 22003251i 450 001 SUN0015090 005 20070214120000.0 010 $a88-14-05643-9 020 $aIT$b97 1401 100 $a20040115d1996 |0itac50 ba 101 $aita 102 $aIT 105 $a|||| ||||| 200 1 $aImposte di registro e di successione$eprofili soggettivi ed implicazioni costituzionali$fSimone Ghinassi 210 $aMilano$cGiuffrè$d1996 215 $aXIII, 166 p.$d24 cm. 410 1$1001SUN0023866$12001 $aˆL'‰ordinamento tributario italiano$fcollana diretta da G. Falsitta e A. Fantozzi$1210 $aMilano$cGiuffrè. 606 $aTassa di registro$xLegislazione$2FI$3SUNC007842 606 $aTasse di successione$xLegislazione$2FI$3SUNC007843 620 $dMilano$3SUNL000284 676 $a343.45055$v21 700 1$aGhinassi$b, Simone$3SUNV010969$0407200 712 $aGiuffrè$3SUNV001757$4650 801 $aIT$bSOL$c20181231$gRICA 912 $aSUN0015090 950 $aUFFICIO DI BIBLIOTECA DEL DIPARTIMENTO DI ECONOMIA$d03PREST IVGe15 $e03 30639 20130116 950 $aUFFICIO DI BIBLIOTECA DEL DIPARTIMENTO DI GIURISPRUDENZA$d00CONS XIX.Em.70 $e00 9887 20070206 950 $aUFFICIO DI BIBLIOTECA DEL DIPARTIMENTO DI GIURISPRUDENZA$d00CONS XIX.Em.70 bis $e00 11182 20070214 996 $aImposte di registro e di successione$967378 997 $aUNICAMPANIA LEADER 01779nam0 22003373i 450 001 CFI0043661 005 20251003044114.0 100 $a20060401d1983 ||||0itac50 ba 101 | $aita 102 $ait 181 1$6z01$ai $bxxxe 182 1$6z01$an 200 1 $aElementi di calcolo matriciale e automatico delle strutture$fM. Como, P. Malangone 210 $aNapoli$cCooperativa universitaria editrice napoletana$d1983 215 $a248 p.$d24 cm 300 $aIn appendice: La programmazione Fortran. [[I 606 $aStrutture edilizie$xCalcolo elettronico$2FIR$3CFIC053631$9I 606 $aMicroelaboratori elettronici$xImpiego in ingegneria civile$2FIR$3CFIC042693$9I 676 $a624.10285$9INGEGNERIA STRUTTURALE E TECNICA DELLE COSTRUZIONI SOTTERRANEE. Elaborazione dei dati. Applicazioni dell'elaboratore$v14 676 $a624.1710285$9INGEGNERIA STRUTTURALE E TECNICA DELLE COSTRUZIONI SOTTERRANEE. Analisi strutturale. Elaborazione dei dati$v22 700 1$aComo$b, Mario$f <1935- >$3CFIV026552$4070$0492 701 1$aMalangone$b, Pasquale$3CFIV027713$4070$02519 801 3$aIT$bIT-000000$c20060401 850 $aIT-BN0095 $aIT-NA0079 901 $bNAP 01$cSALA DING $n$ 901 $bNAP BN$cC $nComprende volumi con collocazioni per formato catalogati prima del 1987. La consegna del doc. é effettuata dall'Uff. Distribuzione. 912 $aCFI0043661 950 0$aBiblioteca Centralizzata di Ateneo$b1 v. + 1 errata corrige$c1 v. + 1 errata corrige$d 01SALA DING 624.10285 COM.el$e 0102 0000035565 VMA A4 1 v. + 1 errata corrige$fY $h20001214$i20110427 977 $a 01$a BN 996 $aElementi di calcolo matriciale e automatico delle strutture$9105867 997 $aUNISANNIO